000 01008 a2200253 4500
001 31562
005 20260407155619.0
008 260407a1990 arg spa d
003 AR-UNSa-BCEJYS
040 _aAR-UNSa-BCEJYS
_bspa
_cAR-UNSa-BCEJYS
080 _a658.012.2
_xPlanificación. Programas. Planes. Medidas de apoyo a la planificación( Administración estratégica...)
245 1 0 _aUn concepto de planeación de empresas
020 _a968-18-0570-4
264 1 _aMéxico :
_bLimusa
_c1990
300 _a157 p.
_c23 cm.
505 _a1. Naturaleza y contenido de la planeación - 2. Objetivos y metas - 3. Políticas y cursos de acción - 4. Planeación de recursos - 5. El diseño de la organización- 6. Control - 7. Organización del esfuerzo de la planeación
041 _aspa
942 _cBK
590 _aniveau_biblio:m niveau_hierar:0
100 1 _aAckoff, Ruseell L.
700 1 _aDíaz Ramírez, Alberto
700 1 _aDeras Escobedo, Adolfo
700 1 _aDeras Quiñones, Adolfo
999 _c2190
_d2190